| 000 | 00548nam a2200169 4500 | ||
|---|---|---|---|
| 001 | 123420 | ||
| 003 | ES-MaACL | ||
| 005 | 20230906192154.0 | ||
| 007 | t| | ||
| 008 | 070214s1903 fr r ||||1| fre d | ||
| 100 | 1 |
_aQueyrat, Frédéric. _994604 |
|
| 245 | 1 | 2 |
_aL'imagination et ses varietés chez l'enfant _b: etude de psychologie expérimentale appliquée a l'education intellectuelle / _cpar Frédéric Queyrat. |
| 250 | _a3ª. ed. | ||
| 260 |
_aParis : _bFélix Alcan, _c1903. |
||
| 300 |
_a162 p. ; _c18 cm. |
||
| 852 |
_aES-MaACL _jF-11702 |
||
| 999 |
_c123420 _d123420 |
||